Statistiques concernant 3 indices - 1 livre

Cliquez ici pour prendre le quiz!

Statistiques générales

  • Ce quiz a été pris 620 fois
  • Le résultat moyen est 11 sur 20

Statistiques - réponses

IndicesRéponse% Correct
Jean Valjean / Paris / PauvretéLes Misérables
88%
Ticket d'or / Oompa-Loompa / Willy WonkaCharlie et la Chocolaterie
87%
Athos / De cape et d'épée / RichelieuLes Trois Mousquetaires
87%
Vérone / Montaigu / Amour tragiqueRoméo et Juliette
81%
Île déserte / Pirates / VendrediRobinson Crusoé
73%
Big Brother / Winston Smith / Totalitarisme1984
72%
Aslan / Sorcière Blanche / Armoire magiqueLe Monde de Narnia
72%
Bella Swan / Vampires / ForksTwilight
70%
Prométhée Moderne / Savant-fou / MonstreFrankenstein
59%
Montagne Solitaire / Smaug / Treize NainsLe Hobbit
58%
Hidalgo / Chevalerie / Moulins à ventDon Quichotte
57%
Harpagon / Mariage / Cassette remplie d'orL'Avare
56%
Chien-loup / Lip-Lip / Grand NordCroc-Blanc
53%
Capitaine Achab / Cachalot / PequodMoby-Dick
50%
Avion / Sahara / Astéroïde B612Le Petit Prince
49%
François Lepic / Cheveux roux / Souffre-douleurPoil de Carotte
45%
Voyage de noces / Égypte / MeurtreMort sur le Nil
36%
Lindenbrock / Volcan / Champignons GéantsVoyage au centre de la Terre
20%
Radion Raskolnikov / Assassinat / Saint-PétersbourgCrime et Châtiment
13%
Kentucky / Arthur Shelby / EsclavageLa Case de l'oncle Tom
10%

Distribution des résultats

Percentile par nombre de réponses

% des personnes avec chaque résultat

Votre développement - résultats

Vous n’avez pas pris ce quiz